Food Pyramid - Statistics

General Stats
  • This quiz has been taken 64 times
  • The average score is 4 of 7
Answers on the Map
Answers color-coded by a green-red scale on the quiz's map according to % correct below.
 
Answer Stats
Category % Correct
Fruits
88%
Vegetables
88%
Dairy
80%
Grains
70%
Proteins
70%
Oils
39%
Physical Activity
9%
No matching quizzes found
Score Distribution
Percent of People with Each Score
Percentile by Number Answered
Your Score History
You have not taken this quiz